000 00690nam a2200193 4500
008 020417s1983 us 0 engYA
020 _a0313237808
090 _aBL65.M4
_bH85e
100 1 _aHsu, Francis L. K.
245 1 0 _aExorcising the trouble makers :
_bmagic, science and culture /
_cFrancis L. K. Hsu.
260 _aConnecticut :
_bGreenwood Press,
_cc1983.
300 _axv, 164 p. :
_bills.
500 _a[Xerox copy]
504 _aIncludes bibliographical references
650 4 _aMagic
_xCase studies.
650 4 _aMedicine and religion
_xCase studies.
650 4 _aReligion and science
_xCase studies.
951 _p24862
_x00010266
_oBL65.M4/H85e
_j070613111058250
_d2000-12-21
_cGC
999 _c7268
_d7268